Components and Finishes (Record no. 549123)

000 -LEADER
fixed length control field 00408nam a22001457a 4500
020 ## - INTERNATIONAL STANDARD BOOK NUMBER
International Standard Book Number 071340518 X
082 ## - DEWEY DECIMAL CLASSIFICATION NUMBER
Classification number 689.3
Author Mark KIN
-- L-39, P-39
100 ## - MAIN ENTRY--PERSONAL NAME
Personal name King, Harold
9 (RLIN) 45647
245 ## - TITLE STATEMENT
Title Components and Finishes
Statement of responsibility, etc. King, Harold
260 ## - PUBLICATION, DISTRIBUTION, ETC.
Place of publication, distribution, etc. London
Name of publisher, distributor, etc. William Clowes and Sons Limites
Date of publication, distribution, etc. 1975
300 ## - PHYSICAL DESCRIPTION
Extent 444
Other physical details ill,;
Dimensions 20 cm
526 ## - STUDY PROGRAM INFORMATION NOTE
Program name 0
Interest level 0
Reading level 0
Title point value 689_300000000000000_KIN
650 ## - SUBJECT ADDED ENTRY--TOPICAL TERM
Topical term or geographic name entry element MCE
9 (RLIN) 379
942 ## - ADDED ENTRY ELEMENTS (KOHA)
Source of classification or shelving scheme
Koha item type Book
Holdings
Withdrawn status Lost status Source of classification or shelving scheme Damaged status Not for loan Permanent Location Current Location Date acquired Total Checkouts Full call number Barcode Date last seen Price effective from Koha item type
          Military College of Engineering (MCE) Military College of Engineering (MCE) 09/17/2014   689.3 KIN MCE-41537 09/17/2014 09/17/2014 Book
© 2023 Central Library, National University of Sciences and Technology. All Rights Reserved.